[Event "Turkish Women-ch Arzum 2022"]
[Site "Ayvalik"]
[Date "2022.03.09"]
[Round "7.28"]
[White "Mullakutukcu, Ela"]
[Black "Akar, Nilay"]
[Result "0-1"]
[WhiteElo "1154"]
[BlackElo "1516"]
[Annotator "NA"]
[PlyCount "66"]
[EventDate "2022.03.04"]
[EventType "swiss"]
[EventCountry "TUR"]
[SourceTitle "playchess.com"]
[Source "ChessBase"]
[SourceQuality "1"]
[TimeControl "5400+30"]

1. d4 {[%emt 0:01:00]} Nf6 {[%emt 0:07:00]} 2. Bf4 {[%emt 0:00:30]} d5 {[%emt 0:00:30]} 3. e3 {[%emt 0:00:30]} e6 {[%emt 0:00:00]} 4. Nd2 {[%emt 0:00:00]} c5 {[%emt 0:00:00]} 5. c3 {[%emt 0:00:00]} Bd6 {[%emt 0:00:30]} 6. Bg3 {[%emt 0:00:30]} Qc7 {[%emt 0:01:30]} 7. Ngf3 {[%emt 0:01:30]} Nbd7 {[%emt 0:00:00]} 8. Bd3 {[%emt 0:02:30]} O-O {[%emt 0:01:00]} 9. Bh4 {[%emt 0:05:30]} e5 {[%emt 0:00:30]} 10. dxe5 {[%emt 0:00:30]} Nxe5 {[%emt 0:01:30]} 11. Nxe5 {[%emt 0:07:30]} Bxe5 {[%emt 0:00:00]} 12. Nf3 {[%emt 0:07:30]} Re8 {[%emt 0:09:00]} 13. Qc2 {[%emt 0:04:30]} h6 {[%emt 0:05:30]} 14. O-O-O {[%emt 0:01:30]} c4 {[%emt 0:04:30]} 15. Be2 {[%emt 0:01:30]} Be6 {[%emt 0:14:30]} 16. h3 {[%emt 0:02:30]} Ne4 {[%emt 0:02:30]} 17. Nxe5 {[%emt 0:01:30]} Qxe5 {[%emt 0:00:30]} 18. f4 {[%emt 0:04:30]} Qc7 {[%emt 0:01:30]} 19. g4 {[%emt 0:01:30]} Qa5 {[%emt 0:00:30]} 20. Kb1 {[%emt 0:01:30]} Bd7 {[%emt 0:01:30]} 21. Rdf1 {[%emt 0:04:30]} Ba4 {[%emt 0:00:30]} 22. Qc1 {[%emt 0:00:30]} Re6 {[%emt 0:01:30]} 23. Bf3 {[%emt 0:01:30]} Nc5 {[%emt 0:01:30]} 24. Qd2 {[%emt 0:02:30]} Rb6 {[%emt 0:03:30]} 25. Qd4 {[%emt 0:05:30]} Bc6 {[%emt 0:06:30]} 26. Bxd5 {[%emt 0:03:30]} Bxd5 {[%emt 0:01:30]} 27. Qxd5 {[%emt 0:00:30]} Rxb2+ {[%emt 0:00:30]} 28. Kxb2 {[%emt 0:01:30]} Na4+ {[%emt 0:00:30]} 29. Kc1 {[%emt 0:00:30]} Qxd5 {[%emt 0:00:30]} 30. Rd1 {[%emt 0:00:30]} Qe4 {[%emt 0:00:30]} 31. Rhe1 {[%emt 0:00:00]} Nxc3 {[%emt 0:01:30]} 32. Rd4 {[%emt 0:00:00]} Qb1+ {[%emt 0:01:30]} 33. Kd2 {[%emt 0:00:30]} Qb2# {[%emt 0:01:30]} 0-1

[Event "Turkish Women-ch Arzum 2022"]
[Site "Ayvalik"]
[Date "2022.03.09"]
[Round "7.29"]
[White "Bursali, Ela"]
[Black "Bodur, Ilke Lal"]
[Result "1/2-1/2"]
[WhiteElo "1353"]
[BlackElo "1151"]
[Annotator "NA"]
[PlyCount "52"]
[EventDate "2022.03.04"]
[EventType "swiss"]
[EventCountry "TUR"]
[SourceTitle "playchess.com"]
[Source "ChessBase"]
[SourceQuality "1"]
[TimeControl "5400+30"]

1. e4 {[%emt 0:01:00]} e5 {[%emt 0:01:00]} 2. Nf3 {[%emt 0:00:30]} Nc6 {[%emt 0:00:30]} 3. Nc3 {[%emt 0:00:30]} Nf6 {[%emt 0:00:30]} 4. h3 {[%emt 0:00:00]} Bc5 {[%emt 0:01:30]} 5. Nxe5 {[%emt 0:00:00]} Nxe5 {[%emt 0:01:30]} 6. d4 {[%emt 0:00:00]} Bd6 {[%emt 0:00:30]} 7. dxe5 {[%emt 0:00:00]} Bxe5 {[%emt 0:00:30]} 8. Bd3 {[%emt 0:00:30]} O-O {[%emt 0:01:30]} 9. O-O {[%emt 0:00:00]} h6 {[%emt 0:03:30]} 10. Re1 {[%emt 0:01:00]} d6 {[%emt 0:05:30]} 11. Ne2 {[%emt 0:08:30]} d5 {[%emt 0:11:30]} 12. f4 {[%emt 0:10:30]} dxe4 {[%emt 0:02:30]} 13. fxe5 {[%emt 0:00:30]} exd3 {[%emt 0:00:00]} 14. exf6 {[%emt 0:00:30]} dxe2 {[%emt 0:02:00]} 15. Qxd8 {[%emt 0:00:30]} Rxd8 {[%emt 0:00:30]} 16. fxg7 {[%emt 0:00:30]} Kxg7 {[%emt 0:13:30]} 17. Bf4 {[%emt 0:01:30]} c6 {[%emt 0:01:30]} 18. Rxe2 {[%emt 0:00:30]} Be6 {[%emt 0:00:30]} 19. Be5+ {[%emt 0:02:30]} Kh7 {[%emt 0:01:30]} 20. c3 {[%emt 0:06:30]} Rg8 {[%emt 0:05:30]} 21. Kh2 {[%emt 0:06:30]} Rad8 {[%emt 0:01:30]} 22. Bd4 {[%emt 0:02:30]} a6 {[%emt 0:05:30]} 23. b4 {[%emt 0:07:30]} Rd6 {[%emt 0:06:30]} 24. a4 {[%emt 0:11:30]} Bd5 {[%emt 0:08:30]} 25. g3 {[%emt 0:13:30]} Re6 {[%emt 0:05:30]} 26. Rxe6 {[%emt 0:02:30]} Bxe6 {[%emt 0:00:30]} 1/2-1/2

[Event "Turkish Women-ch Arzum 2022"]
[Site "Ayvalik"]
[Date "2022.03.09"]
[Round "7.30"]
[White "Susin, Derya Defne"]
[Black "Yazici, Zumral"]
[Result "0-1"]
[WhiteElo "1285"]
[BlackElo "1229"]
[Annotator "NA"]
[PlyCount "67"]
[EventDate "2022.03.04"]
[EventType "swiss"]
[EventCountry "TUR"]
[SourceTitle "playchess.com"]
[Source "ChessBase"]
[SourceQuality "1"]
[TimeControl "5400+30"]

1. d4 {[%emt 0:03:00]} d5 {[%emt 0:01:00]} 2. c4 {[%emt 0:00:30]} e6 {[%emt 0:00:00]} 3. Nc3 {[%emt 0:00:00]} a6 {[%emt 0:00:00]} 4. cxd5 {[%emt 0:00:00]} exd5 {[%emt 0:00:00]} 5. Nf3 {[%emt 0:00:30]} c6 {[%emt 0:00:00]} 6. Bf4 {[%emt 0:00:30]} Nf6 {[%emt 0:02:30]} 7. e3 {[%emt 0:00:30]} Bd6 {[%emt 0:01:30]} 8. Bxd6 {[%emt 0:02:30]} Qxd6 {[%emt 0:00:30]} 9. Bd3 {[%emt 0:00:30]} h6 {[%emt 0:05:30]} 10. O-O {[%emt 0:00:30]} Be6 {[%emt 0:02:30]} 11. a4 {[%emt 0:07:30]} Nbd7 {[%emt 0:03:30]} 12. a5 {[%emt 0:03:30]} O-O {[%emt 0:02:30]} 13. Qe2 {[%emt 0:07:30]} Rfe8 {[%emt 0:05:30]} 14. Rfc1 {[%emt 0:03:30]} Bg4 {[%emt 0:05:30]} 15. Na4 {[%emt 0:08:30]} Ne4 {[%emt 0:04:30]} 16. h3 {[%emt 0:04:30]} Bh5 {[%emt 0:10:30]} 17. g4 {[%emt 0:05:30]} Bg6 {[%emt 0:00:00]} 18. Bxe4 {[%emt 0:01:30]} Rxe4 {[%emt 0:05:00]} 19. Nc5 {[%emt 0:06:30]} Nxc5 {[%emt 0:00:30]} 20. Rxc5 {[%emt 0:01:30]} f5 {[%emt 0:02:30]} 21. Nd2 {[%emt 0:04:30]} Re6 {[%emt 0:04:30]} 22. Nf1 {[%emt 0:05:30]} Rf8 {[%emt 0:08:30]} 23. Nh2 {[%emt 0:06:30]} f4 {[%emt 0:02:30]} 24. Rc3 {[%emt 0:04:30]} Qb4 {[%emt 0:07:30]} 25. Nf3 {[%emt 0:02:30]} fxe3 {[%emt 0:08:25]} 26. fxe3 {[%emt 0:02:33]} Ref6 {[%emt 0:01:40]} 27. Rf1 {[%emt 0:03:32]} Be4 {[%emt 0:05:12]} 28. Nh2 {[%emt 0:02:20]} Rxf1+ {[%emt 0:00:34]} 29. Nxf1 {[%emt 0:00:16]} Qxa5 {[%emt 0:01:43]} 30. Ng3 {[%emt 0:03:15]} Qa1+ {[%emt 0:01:32]} 31. Kh2 {[%emt 0:00:09]} Bf3 {[%emt 0:01:21]} 32. Qc2 {[%emt 0:00:53]} Qe1 {[%emt 0:01:23]} 33. Rb3 {[%emt 0:01:00]} Bd1 {[%emt 0:00:31]} 34. Qg2 {[%emt 0:01:22]} 0-1

[Event "Turkish Women-ch Arzum 2022"]
[Site "Ayvalik"]
[Date "2022.03.09"]
[Round "7.34"]
[White "Topal, Berfin"]
[Black "Kum, Busra"]
[Result "1-0"]
[WhiteElo "1322"]
[BlackElo "1062"]
[Annotator "NA"]
[PlyCount "115"]
[EventDate "2022.03.04"]
[EventType "swiss"]
[EventCountry "TUR"]
[SourceTitle "playchess.com"]
[Source "ChessBase"]
[SourceQuality "1"]
[TimeControl "5400+30"]

1. d4 {[%emt 0:02:00]} Nf6 {[%emt 0:01:00]} 2. Nf3 {[%emt 0:00:30]} d6 {[%emt 0:00:30]} 3. e3 {[%emt 0:00:30]} Nbd7 {[%emt 0:01:30]} 4. Bd3 {[%emt 0:00:00]} e5 {[%emt 0:01:30]} 5. dxe5 {[%emt 0:01:00]} dxe5 {[%emt 0:00:00]} 6. Bb5 {[%emt 0:00:30]} c6 {[%emt 0:01:00]} 7. Bc4 {[%emt 0:00:30]} Be7 {[%emt 0:01:30]} 8. Nc3 {[%emt 0:04:30]} b5 {[%emt 0:02:30]} 9. Be2 {[%emt 0:05:30]} Qc7 {[%emt 0:03:30]} 10. a3 {[%emt 0:02:30]} a5 {[%emt 0:02:30]} 11. O-O {[%emt 0:01:30]} O-O {[%emt 0:02:30]} 12. b3 {[%emt 0:01:30]} Rd8 {[%emt 0:05:30]} 13. Bb2 {[%emt 0:02:30]} Nc5 {[%emt 0:08:30]} 14. Qc1 {[%emt 0:00:30]} Bg4 {[%emt 0:00:30]} 15. Nd2 {[%emt 0:07:30]} Qd7 {[%emt 0:08:30]} 16. Bxg4 {[%emt 0:04:30]} Nxg4 {[%emt 0:01:30]} 17. Nde4 {[%emt 0:01:30]} Qf5 {[%emt 0:01:30]} 18. Ng3 {[%emt 0:02:30]} Qg6 {[%emt 0:00:30]} 19. h3 {[%emt 0:01:30]} Nh6 {[%emt 0:06:30]} 20. Nce2 {[%emt 0:01:30]} Rd5 {[%emt 0:03:30]} 21. b4 {[%emt 0:08:30]} Na4 {[%emt 0:09:30]} 22. e4 {[%emt 0:01:30]} Bg5 {[%emt 0:06:30]} 23. f4 {[%emt 0:05:30]} exf4 {[%emt 0:01:30]} 24. exd5 {[%emt 0:03:30]} fxg3 {[%emt 0:00:30]} 25. Nf4 {[%emt 0:01:30]} Qe4 {[%emt 0:01:30]} 26. Bxg7 {[%emt 0:08:30]} Kxg7 {[%emt 0:02:30]} 27. Ne6+ {[%emt 0:00:30]} fxe6 {[%emt 0:00:30]} 28. Qxg5+ {[%emt 0:00:30]} Qg6 {[%emt 0:00:30]} 29. Qxg6+ {[%emt 0:00:30]} Kxg6 {[%emt 0:00:30]} 30. dxe6 {[%emt 0:00:30]} Nf5 {[%emt 0:01:30]} 31. Rf3 {[%emt 0:01:30]} axb4 {[%emt 0:05:30]} 32. axb4 {[%emt 0:02:30]} Rd8 {[%emt 0:00:30]} 33. Raf1 {[%emt 0:00:30]} Rd6 {[%emt 0:08:20]} 34. Rxf5 {[%emt 0:00:30]} Rxe6 {[%emt 0:00:32]} 35. R5f3 {[%emt 0:00:30]} h5 {[%emt 0:02:45]} 36. Rxg3+ {[%emt 0:00:00]} Kh6 {[%emt 0:00:28]} 37. Rf8 {[%emt 0:00:00]} Kh7 {[%emt 0:00:48]} 38. Rg5 {[%emt 0:00:30]} Nc3 {[%emt 0:00:48]} 39. Rxh5+ {[%emt 0:00:30]} Kg7 {[%emt 0:00:45]} 40. Rhf5 {[%emt 0:00:30]} Ne4 {[%emt 0:01:06]} 41. h4 {[%emt 0:00:30]} Rh6 {[%emt 0:01:30]} 42. Rf4 {[%emt 0:00:30]} Nf6 {[%emt 0:00:58]} 43. R8xf6 {[%emt 0:00:30]} Rxf6 {[%emt 0:00:30]} 44. Rxf6 {[%emt 0:00:30]} Kxf6 {[%emt 0:00:00]} 45. g4 {[%emt 0:00:00]} Ke5 {[%emt 0:01:22]} 46. h5 {[%emt 0:00:00]} Kf6 {[%emt 0:01:07]} 47. Kf2 {[%emt 0:00:00]} Kg7 {[%emt 0:00:31]} 48. Kf3 {[%emt 0:00:00]} Kh7 {[%emt 0:00:29]} 49. Kf4 {[%emt 0:00:30]} Kh6 {[%emt 0:00:27]} 50. g5+ {[%emt 0:00:00]} Kg7 {[%emt 0:00:31]} 51. Kf5 {[%emt 0:00:00]} Kh7 {[%emt 0:00:30]} 52. g6+ {[%emt 0:00:00]} Kg8 {[%emt 0:00:00]} 53. Kf6 {[%emt 0:00:00]} c5 {[%emt 0:00:18]} 54. h6 {[%emt 0:00:30]} Kh8 {[%emt 0:01:30]} 55. g7+ {[%emt 0:00:00]} Kh7 {[%emt 0:00:28]} 56. Kf7 {[%emt 0:00:00]} c4 {[%emt 0:00:23]} 57. g8=Q+ {[%emt 0:00:30]} Kxh6 {[%emt 0:00:30]} 58. Qg6# {[%emt 0:00:00]} 1-0

[Event "Turkish Women-ch Arzum 2022"]
[Site "Ayvalik"]
[Date "2022.03.10"]
[Round "8.1"]
[White "Akat, Elifnaz"]
[Black "Atalik, Ekaterina"]
[Result "0-1"]
[WhiteElo "1673"]
[BlackElo "2415"]
[Annotator "TA"]
[PlyCount "88"]
[EventDate "2022.03.04"]
[EventType "swiss"]
[EventCountry "TUR"]
[SourceTitle "playchess.com"]
[Source "ChessBase"]
[SourceQuality "1"]

{[%evp 21,88,23,23,14,8,0,0,-77,-66,-58,-65,-60,-60,-75,-17,-23,-15,-15,0,0,0,-8,-9,-125,-125,-125,-127,-265,-257,-237,-226,-445,-451,-460,-445,-442,-459,-454,-437,-500,-493,-574,-551,-575,-575,-666,-666,-608,-602,-548,-519,-786,-768,-1612,-1915,-1750,-1805,-2378,-1714,-5297,-3906,-12840,-12840,-12841,-12840,-12841,-12842,-12840,-12841]} 1. e4 c6 2. d4 d5 3. Nd2 {[%cal Bb1d2,Bd2e4,Be4g3][%mdl 32]} dxe4 4. Nxe4 Bf5 5. Ng3 Bg6 6. h4 h6 7. Nf3 e6 8. Ne5 Bh7 9. Bd3 Bxd3 10. Qxd3 Nf6 11. Bd2 Nbd7 {11...Be7 is not played anymore.} 12. Qe2 {B19: Classical Caro-Kann: 4...Bf5 main line.} c5 {[%cal Bc6c5,Bc5d4][%mdl 32]} 13. O-O-O cxd4 14. Rhe1 (14. Nxd7 $11 Qxd7 15. Bc3) 14... Nxe5 $17 15. Qxe5 {[%cal Od2e3]} Qd5 {[#]} 16. Qxd5 $146 ({Predecessor:} 16. Bf4 Bc5 17. Qxd5 Nxd5 18. Be5 O-O 19. Bxd4 Rfc8 20. Ne4 Bxd4 21. Rxd4 Rc6 22. c3 {1-0 (43) Bezgodov,A (2576)-Lastin,A (2552) Moscow 1999}) 16... Nxd5 17. Nf5 O-O-O {[%cal Ba8d8,Bd8d7,Bd7c7,Bc7c4][%mdl 32]} (17... d3 $1 $17) 18. Nxd4 $11 Bc5 19. Nb3 Be7 20. g3 Rd7 21. Ba5 b6 22. c4 Rc7 $36 {[%mdl 2048] Black is in control.} ({Weaker is} 22... bxa5 23. cxd5 a4 24. Na1 $15) 23. Kb1 Rxc4 24. Rxd5 {Now White is beyond hope.} exd5 $19 25. Rxe7 bxa5 26. Rxa7 $2 $17 {[%mdl 4096] Endgame KRR-KRN} (26. Nxa5 Rc7 27. Re2) 26... Re8 $19 {Black is clearly winning.} 27. Ra8+ Kd7 {[#] ( -> ...Re1+)} 28. Rxe8 Kxe8 29. Nxa5 {KR-KN} Re4 30. Nb3 Re1+ 31. Nc1 Rf1 32. f4 Rg1 33. a4 Kd7 34. Kc2 Rxg3 35. Nd3 Rh3 36. a5 (36. b4 $142 Rxh4 37. b5) 36... Kc6 37. b4 Kb5 38. Kc3 Rxh4 {[#] aiming for ...Rh3.} 39. Kd4 Rh3 {[%cal Oh3d3] ...Rxd3+! is the strong threat.} 40. Ne5 Rb3 41. Kxd5 Rxb4 42. Nd3 Ra4 43. f5 h5 44. Nf2 Rf4 {Weighted Error Value: White=0.78/Black=0.04 (flawless)} 0-1

[Event "Turkish Women-ch Arzum 2022"]
[Site "Ayvalik"]
[Date "2022.03.10"]
[Round "8.2"]
[White "Onur, Cigdem"]
[Black "Acarbay, Algi"]
[Result "1-0"]
[WhiteElo "2012"]
[BlackElo "1992"]
[Annotator "TA"]
[PlyCount "59"]
[EventDate "2022.03.04"]
[EventType "swiss"]
[EventCountry "TUR"]
[SourceTitle "playchess.com"]
[Source "ChessBase"]
[SourceQuality "1"]

{[%evp 15,59,36,24,19,16,18,19,24,27,4,43,23,16,0,-1,-10,-6,-39,-45,-47,-35,-21,98,105,118,122,92,88,105,102,158,152,203,163,274,268,261,162,375,374,615,617,601,612,966,949]} 1. d4 d5 2. c4 c6 3. Nf3 Nf6 4. Nc3 dxc4 5. a4 Bf5 6. Ne5 Nbd7 7. Nxc4 Nb6 8. Ne5 a5 9. f3 {D17: Slav Defence: 5 a4 Bf5: Lines with 6 Nh4 and 6 Ne5.} (9. e3 {is more complex.} Nbd7 10. Nc4 e6 11. f3 Bb4 12. Be2) 9... Nfd7 10. Nxd7 Nxd7 11. e4 {The position is equal.} Bg6 12. Be3 Qb6 13. Qd2 {Strongly threatening d5.} e5 14. Rd1 {aiming for dxe5.} O-O-O 15. d5 Bc5 16. dxc6 bxc6 {[#]} 17. Kf2 $146 ({Predecessor:} 17. Bxc5 Nxc5 18. Qc2 Rxd1+ 19. Nxd1 Rd8 20. Bc4 Qb4+ 21. Ke2 Nxe4 22. fxe4 Bh5+ {0-1 (22) Almeida Saenz,A (2419)-Shen,Y (2439) Aguascalientes 2007}) 17... Bxe3+ 18. Qxe3 Qxb2+ {[#]} (18... Qxe3+ $11 {keeps the balance.} 19. Kxe3 Nc5) 19. Be2 $1 $16 Qb6 20. Rb1 $40 {[%cal Bd1b1,Bb1b6,Bb6b7,Bb7a7][%mdl 160] Black is in trouble.} Qxe3+ 21. Kxe3 {And now Ba6+ would win.} Nb8 {[#] To avoid Ba6+} 22. Rb6 $1 {[%mdl 1024] White has strong compensation. Active counter play!} Kd7 ({Black should play} 22... Rd4) 23. Rb7+ Kd6 (23... Ke6 $16 24. h4 h5) 24. Ra7 Nd7 (24... Rd7 $142 25. Rxa5 Rb7 26. Rd1+ Kc7 27. Rxe5 Nd7) 25. Rd1+ $18 Ke7 26. Ba6 {Rc7 is the strong threat.} ({Worse is} 26. Rxa5 Ra8 27. Rxa8 Rxa8 $11) 26... f6 $2 (26... f5 27. Rc7 fxe4) 27. Bb7 {[%csl LRa5,LRc6]} c5 (27... Nb6 28. Bxc6+ Ke6 29. Bd5+ (29. Rxg7 Rxd1 30. Nxd1 Bf7 $16) 29... Nxd5+ 30. exd5+ Kd6 31. Rxg7 Rb8 32. Nb5+ Kc5 33. Rc7+ Kb4) 28. Bc6 {White is clearly winning.} Be8 29. Nd5+ Kd6 30. Bxd7 {Weighted Error Value: White=0.10 (very precise) /Black=0.49} 1-0

[Event "Turkish Women-ch Arzum 2022"]
[Site "Ayvalik"]
[Date "2022.03.10"]
[Round "8.3"]
[White "Gokbulut, Yulia"]
[Black "Ince, Safiye Oyku"]
[Result "1-0"]
[WhiteElo "1902"]
[BlackElo "1893"]
[Annotator "TA"]
[PlyCount "77"]
[EventDate "2022.03.04"]
[EventType "swiss"]
[EventCountry "TUR"]
[SourceTitle "playchess.com"]
[Source "ChessBase"]
[SourceQuality "1"]

{[%evp 17,77,0,0,-20,1,-17,17,18,39,41,49,33,58,51,60,27,35,17,34,13,41,27,66,30,23,0,29,-69,-75,-114,-115,-175,-164,-206,-175,-211,-209,-299,-277,-275,-178,-175,-159,-154,-149,-291,-285,-270,-256,-275,56,61,1104,1018,29984,2451,29993,29993,29997,29998,29998,29999]} 1. d4 Nf6 2. c4 e6 3. Nf3 b6 4. g3 Ba6 5. b3 Bb4+ 6. Bd2 Be7 7. Bg2 c6 8. O-O O-O 9. Qc2 d5 10. a4 {E15: Queen's Indian: 4 g3 sidelines, 4 g3 Ba6 and 4 g3 Bb7 early deviations.} Nbd7 11. Bf4 Nh5 12. Bc1 {[#] The position is equal.} f5 $146 ({Predecessor:} 12... Rc8 13. a5 c5 14. axb6 Qxb6 15. Qa2 Bb7 16. Qxa7 Qc6 17. cxd5 exd5 18. Qa4 Qd6 {½-½ (50) Panov,M (2187)-Litvinov,M (2198) Kolomna 2014}) 13. e3 Rc8 14. Rd1 {[%cal Oa4a5]} g5 15. Ba3 g4 {[#] White must now prevent ...Bxa3.} 16. Bxe7 Qxe7 17. Nfd2 Nhf6 18. Nc3 Ne4 19. Ndxe4 fxe4 20. a5 b5 21. Qe2 {Threatens to win with cxd5.} Nf6 {[%cal Rb5c4,Bd7f6,Bf6h7,Bh7g5,Bg5h3][%mdl 32]} 22. c5 (22. cxb5 $11 cxb5 23. Rdc1) 22... h5 $15 23. Na2 Rc7 24. Nb4 (24. b4 $17 {was necessary.}) 24... Bc8 $19 25. a6 (25. Rac1 $142) 25... e5 26. Ra2 Nh7 27. Qc2 (27. Qd2 $142) 27... Ng5 {[%cal Oh5h4]} 28. Qc3 Nh3+ 29. Bxh3 {[#] aiming for Bf1.} exd4 30. Qxd4 gxh3 31. Nxc6 (31. Nc2 $17 {was worth a try.}) 31... Rxc6 32. Qxd5+ Qe6 {Strongly threatening ...Rf5.} 33. Qxh5 Bxa6 $2 ({Stronger than} 33... Qxb3 34. Qg5+ Kh7 35. Qh4+ Kg8 36. Qg5+ Kh8 37. Qh4+ Kg8 38. Qg5+ $19) (33... Qg4 $19 34. Qxg4+ Bxg4) 34. Rd5 $14 {White wants to mate with Rg5+. The board is on fire.} Rf7 $2 {[%mdl 8192] Loses the game.} (34... Rc7 $14) 35. Rad2 $18 {Threatening mate with Rg5+.} Rc8 36. Rd6 (36. Rd8+ $142 Rxd8 37. Rxd8+ Rf8 38. Qg5+ Kf7 39. Qf4+ Kg6 40. Rxf8 Kh7 41. Qg5) 36... Qxb3 37. Qg6+ {White mates.} Kf8 38. Rd8+ Rxd8 39. Rxd8+ {Weighted Error Value: White=0.30/Black=0.77} 1-0

[Event "Turkish Women-ch Arzum 2022"]
[Site "Ayvalik"]
[Date "2022.03.10"]
[Round "8.4"]
[White "Can, Isil"]
[Black "Isgenderova, Hayale"]
[Result "0-1"]
[WhiteElo "1875"]
[BlackElo "2202"]
[Annotator "TA"]
[PlyCount "112"]
[EventDate "2022.03.04"]
[EventType "swiss"]
[EventCountry "TUR"]
[SourceTitle "playchess.com"]
[Source "ChessBase"]
[SourceQuality "1"]

{[%evp 15,112,20,16,10,24,14,50,50,70,72,95,85,77,79,88,80,77,87,82,80,80,78,77,77,119,47,94,56,75,65,69,-45,-45,-54,-46,-45,-50,-77,-85,-83,-81,-80,-81,-88,-87,-84,-77,-77,-85,-74,-77,-102,-87,-86,-78,-77,-76,-83,-77,-92,-92,-89,-89,-89,-89,-89,-89,-100,-107,-94,-92,-90,-89,-129,-129,-129,-131,-131,-77,-194,-189,-185,-178,-274,-249,-268,-260,-307,-314,-311,-304,-309,-284,-318,-314,-377,-368,-364,-323]} 1. e4 e6 2. d4 d5 3. exd5 exd5 4. Bd3 Bd6 5. Nf3 Bg4 6. O-O Nc6 7. c3 Qd7 8. Re1+ Nge7 {[%cal Bg8e7,Be7g6,Bg6f4,Bf4d3][%mdl 32]} 9. h3 {C01: French: Exchange Variation.} Bh5 10. Nbd2 {[%cal Bb1d2,Bd2b3,Bb3a5][%mdl 32]} O-O-O 11. b4 {White is slightly better.} Ng6 12. Qc2 {Threatens to win with Bf5.} Nce7 {[#] Inhibits Bf5.} 13. Ne5 $1 Bxe5 14. dxe5 {Hoping for Nb3.} Nf4 15. Nb3 Nxd3 16. Qxd3 {[%cal Oe5e6]} Bg6 {[#]} 17. Qe2 $146 ({Predecessor:} 17. Qe3 b6 18. a4 Nf5 19. Qe2 Qc6 20. a5 Qxc3 21. axb6 axb6 22. Bg5 Qxb3 23. Bxd8 Rxd8 {1-0 (32) Goncalves,L (1434)-Andrade,R (1728) Famalicao 2018}) 17... Qc6 18. Bg5 Rde8 19. Na5 Qa4 ({Black should try} 19... Qe6) 20. Qd2 (20. Rad1 $16) 20... Qd7 (20... Nc6 $14 {is superior.}) 21. Rad1 b6 22. Nb3 {[%cal Oc3c4] aiming for c4!} Nc6 {[%cal Be7c6,Bc6e5,Be5d3][%mdl 32]} 23. c4 ({Of course not} 23. Qxd5 $6 Qxd5 24. Rxd5 f6 $11) (23. Bf4 $14) 23... Nxe5 $15 24. cxd5 ({Much weaker is} 24. Qxd5 Qxd5 25. cxd5 Nd3 26. Rxe8+ Rxe8 $17) 24... Nd3 25. Rxe8+ Rxe8 26. Qc3 Qxd5 27. Be3 {[#]} Nf4 $1 {[%csl Gf4][%cal Rd5g2] Black is more active.} 28. Qxc7+ Kxc7 {[%csl Gf4][%cal Rd5g2,Bc8c7,Bc7c6,Bc6c5,Bc5b5][%mdl 32] Dancing on a razor blade.} 29. Bxf4+ Kc6 30. b5+ {[%mdl 64] Decoy} Qxb5 31. Nd4+ Kc5 32. Nxb5 Kxb5 $17 {[%mdl 4096] Endgame KRB-KRB} 33. Rd7 a5 34. Be3 Re6 35. Rd4 Rc6 36. Kf1 Bb1 37. a3 Ba2 38. Ke1 Bc4 39. Kd2 Bf1 40. a4+ Ka6 41. Rd7 Bxg2 42. Rxf7 Rg6 43. h4 Rg4 44. f4 Bc6 45. h5 {[%cal Oh5h6]} Be8 46. Re7 {[#]} Bxh5 (46... Bxa4 47. f5 $15) (46... Rg2+ $142 $1 47. Kc3 Bxh5) 47. Re5 (47. f5 $17) 47... Rg2+ $19 48. Kc3 Bd1 49. f5 (49. Re6 $142 Rc2+ 50. Kd3) 49... Bxa4 50. Re6 Rc2+ 51. Kd4 Bd7 52. Rd6 Bc8 ({Worse is} 52... Bxf5 53. Ke5 $17) 53. Ke4 Rb2 54. Bd4 Rb4 55. f6 gxf6 56. Rxf6 h5 {Weighted Error Value: White=0.17 (very precise) /Black=0.06 (flawless)} 0-1

[Event "Turkish Women-ch Arzum 2022"]
[Site "Ayvalik"]
[Date "2022.03.10"]
[Round "8.5"]
[White "Hereklioglu, Sude"]
[Black "Catal, Uktenur"]
[Result "1-0"]
[WhiteElo "1924"]
[BlackElo "1832"]
[Annotator "TA"]
[PlyCount "71"]
[EventDate "2022.03.04"]
[EventType "swiss"]
[EventCountry "TUR"]
[SourceTitle "playchess.com"]
[Source "ChessBase"]
[SourceQuality "1"]

{[%evp 14,71,36,9,21,9,59,57,81,88,79,61,77,74,85,90,90,87,93,93,96,86,79,63,49,64,61,38,44,41,55,72,75,74,233,210,243,259,255,166,515,508,531,530,683,662,801,810,1285,1310,1267,1235,2506,2402,29981,29982,29982,29981,29978,6279]} 1. Nf3 Nf6 2. g3 g6 3. Bg2 Bg7 4. O-O O-O 5. c4 d6 6. d4 c6 7. Nc3 Qb6 {7...Bf5 is setting a new trend.} 8. e4 Bg4 {E62: King's Indian: Fianchetto: 6...c6 and Panno Variation (6...Nc6) without ...a6.} 9. b3 {[#]} Bxf3 $146 ({Better is} 9... Nfd7 $11) ({Predecessor:} 9... c5 10. dxc5 dxc5 11. Be3 Nc6 12. h3 Rad8 13. Qc1 Bxf3 14. Bxf3 Qa5 15. Bg2 Ng4 16. hxg4 Bxc3 {0-1 (32) Tregubov,P (2556)-Izoria,Z (2652) Moscow 2006}) 10. Bxf3 $14 ({But not} 10. Qxf3 $6 Qxd4 11. Rd1 Qe5 $11) 10... e5 {White is slightly better.} 11. d5 cxd5 12. Nxd5 (12. cxd5 {with more complications.} Rc8 13. Be3 Qd8 14. Qd2 Nbd7 15. Rac1) 12... Nxd5 13. cxd5 ({Reject} 13. Qxd5 Nc6 $11) ({Don't play} 13. exd5 e4 14. Be3 Qd8 15. Bxe4 Re8 $11) 13... Na6 14. Be3 Qa5 15. a3 {[%cal Ba2a3,Ba3a4][%mdl 32]} f5 16. b4 Qc7 17. Rc1 Qd7 18. Kg2 Nc7 {[%cal Ba6c7,Bc7e8,Be8f6][%mdl 32]} 19. a4 Ne8 20. Qc2 {White is more active.} Nf6 21. exf5 gxf5 22. Qc7 e4 23. Be2 Qxa4 {This move loses the game for Black.} (23... Rfc8 $16 {might work better.} 24. Qxd7 Nxd7) 24. Qxd6 $18 Kh8 {[#]} 25. Rfd1 $1 Rad8 26. Qe6 {Threatens to win with d6.} Rde8 $2 (26... Qb3 {is more resistant.}) 27. Qxf5 Nd7 28. Qh3 Ne5 29. Rc7 Rf7 30. d6 {[%cal Bd5d6,Bd6c7][%mdl 32] [#] aiming for Rd5.} Rd7 31. b5 Qa2 32. Bg4 Nxg4 33. Qxg4 Rxc7 34. dxc7 {White mates.} Qg8 35. Bd4 Bxd4 36. Qxg8+ {Weighted Error Value: White=0.09 (flawless) /Black=0.61} 1-0